[Event "Olimpiade 2016 - Donne"]
[Site "Baku"]
[Date "12.09.2016"]
[Round "10.33"]
[Board "1"]
[White "Smith, Olivia"]
[Black "Dolzhikova, Olga"]
[Result "0-1"]
[WhiteTitle "WFM"]
[BlackTitle "WGM"]
[WhiteElo "2002"]
[BlackElo "2167"]
[WhiteTeam "Wales"]
[BlackTeam "Norway"]
[WhiteFideId "411850"]
[BlackFideId "14105870"]
[EventDate "2016.09.02"]

1. e4 d5 2. exd5 Qxd5 3. Nc3 Qa5 4. d4 Nf6 5. Nf3 Bf5 6. Bc4 e6 7. Bd2 c6 8. O-O
Qc7 9. Ne5 Nbd7 10. Bf4 Nxe5 11. dxe5 Nd5 12. Nxd5 exd5 13. Bd3 Qd7 14. c4 Be6
15. cxd5 Qxd5 16. Qe2 Qd4 17. Bg3 Rd8 18. Bc2 Bg4 19. Qe4 Qxe4 20. Bxe4 Rd2 21.
f3 Bc5+ 22. Bf2 Rxf2 23. Rxf2 Be6 24. b4 Bxf2+ 25. Kxf2 Kd7 26. Rd1+ Kc7 27. a3
a5 28. f4 g6 29. h3 axb4 30. axb4 Ra8 31. g4 Ra4 32. f5 Bc4 33. Rb1 Ra3 34. Bf3
gxf5 35. gxf5 Bd3 36. Rg1 Bxf5 37. Rg7 Be6 38. Bg4 Kb6 39. Bxe6 fxe6 40. Rxh7
Rb3 41. Rh6 Rxb4 42. Rxe6 Kc5 43. Re8 Kd5 44. Kf3 Rh4 45. Kg3 Re4 46. h4 Rxe5
47. Rd8+ Kc4 48. Kf4 Re1 49. h5 Rh1 50. Kg5 b5 51. h6 b4 52. Kg6 b3 53. Rb8 c5
54. h7 Kc3 55. h8=Q+ Rxh8 56. Rxh8 c4 57. Kf5 Kb2 58. Ke4 c3 59. Kd3 c2 60. Rh2
Kb1 61. Kc3 c1=Q+ 62. Kxb3 Qe3+ 63. Kc4 Qf4+ 0-1

[Event "Olimpiade 2016 - Donne"]
[Site "Baku"]
[Date "12.09.2016"]
[Round "10.33"]
[Board "2"]
[White "Hagesather, Ellen"]
[Black "Roberts, Lynda"]
[Result "1-0"]
[WhiteTitle "WIM"]
[BlackTitle "WCM"]
[WhiteElo "2139"]
[BlackElo "1888"]
[WhiteTeam "Norway"]
[BlackTeam "Wales"]
[WhiteFideId "1501909"]
[BlackFideId "1800191"]
[EventDate "2016.09.02"]

1. d4 f5 2. Nc3 Nf6 3. Bg5 e6 4. e4 fxe4 5. Nxe4 Be7 6. Bxf6 Bxf6 7. Nf3 Nc6 8.
c3 O-O 9. Qc2 d5 10. Nxf6+ Qxf6 11. Bb5 Ne7 12. O-O a6 13. Bd3 g6 14. Rae1 Bd7
15. Ne5 Rad8 16. Qe2 Bc8 17. f4 Nf5 18. Qg4 Nh6 19. Qh3 Qg7 20. Be2 Rde8 21. Bg4
Nxg4 22. Qxg4 Bd7 23. Re3 Rf5 24. h4 Bc8 25. g3 Ref8 26. Rfe1 R5f6 27. Qe2 h6
28. Nf3 Rf5 29. Re5 Bd7 30. Qd2 Kh8 31. R5e2 Kg8 32. Rf2 Qf6 33. Ne5 Bc8 34. Nd3
Qe7 35. g4 R5f6 36. Re5 b6 37. h5 Qg7 38. Rg2 Kh8 39. hxg6 Rxg6 40. Nf2 Qf7 41.
Nh3 Kg8 42. Qe2 Qf6 43. Rh5 Kf7 44. g5 Qf5 45. gxh6 Rxg2+ 46. Kxg2 Rg8+ 47. Kh2
Qg6 48. Ng5+ Kf8 49. h7 Rh8 50. Rh4 Bd7 51. Kg3 c5 52. Rh2 Qf5 53. Qh5 Qd3+ 54.
Kh4 Qf5 55. Qh6+ Ke8 56. Rg2 Qxf4+ 57. Kh5 Qf1 58. Qg6+ Ke7 59. Qg7+ Kd6 60.
Nf7+ Kc6 61. Ne5+ Kb5 62. Qxd7+ Ka5 63. Rg5 Qh1+ 64. Kg6 Qe4+ 65. Kh6 Qh4+ 66.
Rh5 Qf4+ 67. Kg7 Qf8+ 68. Kg6 Qf4 69. b4+ 1-0

[Event "Olimpiade 2016 - Donne"]
[Site "Baku"]
[Date "12.09.2016"]
[Round "10.33"]
[Board "3"]
[White "Camp, Imogen A L"]
[Black "Machlik, Edit"]
[Result "1/2-1/2"]
[WhiteElo "1718"]
[BlackElo "2056"]
[WhiteTeam "Wales"]
[BlackTeam "Norway"]
[WhiteFideId "1802240"]
[BlackFideId "1513591"]
[EventDate "2016.09.02"]

1. d4 Nf6 2. Nf3 e6 3. Bf4 d5 4. e3 c5 5. c3 Nc6 6. Nbd2 Bd6 7. Bg3 O-O 8. Bd3
h6 9. Qc2 b6 10. O-O Bxg3 11. hxg3 Qd6 12. Rad1 e5 13. dxe5 Nxe5 14. Nxe5 Qxe5
15. c4 Bb7 16. Nf3 Qe7 17. cxd5 Bxd5 18. Bc4 Be4 19. Bd3 Bb7 20. Rd2 Ne4 21.
Bxe4 Bxe4 22. Qa4 Rfe8 23. Rfd1 Qf6 24. Ne1 Bc6 25. Qc2 Rad8 26. b3 Qe7 27. Qc1
Rxd2 28. Qxd2 Rc8 29. Nf3 Kf8 30. Kf1 Rc7 31. Qc2 Rd7 32. Rxd7 Qxd7 33. Ne5 Qd5
34. Nxc6 Qxc6 35. Qd3 Kg8 36. Kg1 b5 37. Qd8+ Kh7 38. Qd3+ g6 39. Qc3 Qd5 40.
Kh2 c4 41. Qa5 cxb3 42. axb3 Qxb3 43. Qxa7 Qc4 44. e4 b4 45. e5 b3 46. Qb7 Kg7
47. Qf3 Kf8 48. Qf6 Ke8 49. Qd6 Qb5 50. e6 b2 51. exf7+ Kxf7 52. Qf4+ Ke6 53.
Qe4+ Kd7 54. Qd4+ Kc6 55. Qc3+ Kd5 56. Qd2+ Kc5 57. Qc3+ Kb6 58. Qe3+ Ka5 59.
Qa3+ Kb6 60. Qe3+ Ka6 61. Qa3+ Kb7 62. Qe7+ Kc8 63. Qe6+ Kb8 64. Qd6+ Ka7 65.
Qa3+ Kb7 66. Qe7+ Kc6 67. Qe4+ Kc5 68. Qc2+ Kd4 69. Qd2+ Kc5 70. Qc3+ Kb6 1/2-1/2

[Event "Olimpiade 2016 - Donne"]
[Site "Baku"]
[Date "12.09.2016"]
[Round "10.33"]
[Board "4"]
[White "Machlik, Monika"]
[Black "Sivarajasingam, Shayanna"]
[Result "1-0"]
[WhiteElo "2060"]
[BlackElo "1687"]
[WhiteTeam "Norway"]
[BlackTeam "Wales"]
[WhiteFideId "1513621"]
[BlackFideId "1802887"]
[EventDate "2016.09.02"]

1. e4 e6 2. d4 d5 3. Nc3 dxe4 4. Nxe4 Nd7 5. Nf3 Ngf6 6. Bd3 Nxe4 7. Bxe4 Nf6 8.
Bg5 Be7 9. Bxf6 Bxf6 10. Qd3 c6 11. O-O-O h6 12. Kb1 Qb6 13. Ne5 c5 14. Nc4 Qc7
15. dxc5 Qxc5 16. Bxb7 Bxb7 17. Qd7+ Kf8 18. Qxb7 Rc8 19. b3 g6 20. Rd7 Kg8 21.
Rxf7 Rb8 22. Qxb8+ Kxf7 23. Qb7+ Kg8 24. Rd1 Rh7 25. Qb8+ Kg7 26. Rd7+ Be7 27.
Nd6 Qg5 28. Qe8 h5 29. Qxe7+ Qxe7 30. Rxe7+ Kg8 31. Rxh7 Kxh7 32. c4 1-0

[Event "Olimpiade 2016 - Donne"]
[Site "Baku"]
[Date "12.09.2016"]
[Round "10.34"]
[Board "1"]
[White "Coimbra, Margarida"]
[Black "Vargas, Gabriela"]
[Result "1/2-1/2"]
[WhiteTitle "WFM"]
[BlackTitle "WFM"]
[WhiteElo "2078"]
[BlackElo "2050"]
[WhiteTeam "Portugal"]
[BlackTeam "Paraguay"]
[WhiteFideId "1901192"]
[BlackFideId "3700860"]
[EventDate "2016.09.02"]

1. e4 e6 2. d4 d5 3. Nd2 h6 4. c3 c5 5. Ngf3 Nf6 6. Bd3 cxd4 7. cxd4 dxe4 8.
Nxe4 Nxe4 9. Bxe4 Bb4+ 10. Bd2 Bxd2+ 11. Qxd2 Nd7 12. O-O Nf6 13. Bc2 O-O 14.
Qd3 b6 15. Rad1 Bb7 16. Rfe1 Rc8 17. Ne5 Qd5 18. f3 Ba6 19. Qb3 Qxb3 20. Bxb3
Rfe8 21. Rc1 Nd5 22. Nc6 Nf4 23. Bc4 Rxc6 24. Bxa6 Rxc1 25. Rxc1 Rd8 26. g3 Nd5
27. a3 Rd7 28. Kf2 Kf8 29. Rc8+ Ke7 30. Bb5 Rc7 31. Rxc7+ Nxc7 32. Bc4 Kd6 33.
Ke3 Ne8 34. Bb5 Nf6 35. Bc4 Ng8 36. Ke4 f5+ 37. Ke3 Nf6 38. h4 g5 39. hxg5 hxg5
40. Bb3 Nh5 41. g4 fxg4 42. fxg4 Nf6 43. Bd1 Nd5+ 1/2-1/2

[Event "Olimpiade 2016 - Donne"]
[Site "Baku"]
[Date "12.09.2016"]
[Round "10.34"]
[Board "2"]
[White "Perez, Dalila"]
[Black "Silva, Mariana Sofia T."]
[Result "0-1"]
[WhiteElo "1860"]
[BlackElo "1789"]
[WhiteTeam "Paraguay"]
[BlackTeam "Portugal"]
[WhiteFideId "3702014"]
[BlackFideId "1911899"]
[EventDate "2016.09.02"]

1. d4 Nf6 2. c4 g6 3. Nc3 Bg7 4. e4 d6 5. f4 O-O 6. Nf3 c5 7. d5 b5 8. e5 Nfd7
9. cxb5 a6 10. b6 Nxb6 11. Be2 Bb7 12. Be3 N8d7 13. a4 dxe5 14. a5 exf4 15. Bxf4
Bxc3+ 16. bxc3 Nxd5 17. Bh6 N7f6 18. Qb3 Rb8 19. c4 Nb4 20. Qc3 Re8 21. O-O Bxf3
22. Qxf3 Nc2 23. Ra2 Nd4 24. Qf2 Qd7 25. h3 Rb4 26. Rd2 Qb7 27. Bd3 Nb3 28. Re2
Qd7 29. Kh1 Rd8 30. Rfe1 Qd4 31. Qf1 Rb7 32. Bc2 Qd6 33. Qf3 Rdb8 34. Rd1 Nd4
35. Qf1 Nxe2 36. Qxe2 Qc6 37. Rf1 Rd8 38. Qf2 Rbd7 39. Be3 Qe6 40. Ba4 Rd3 41.
Re1 Qxc4 42. Bc2 Ne4 43. Qf4 Qxc2 44. Qxe4 Qc3 45. Re2 Rd1+ 46. Kh2 Qd3 47. Qg4
h5 48. Qf3 Qd5 49. Qf2 Rb8 50. Bxc5 Rbb1 51. Bxe7 Rh1+ 52. Kg3 Rb3+ 53. Kh4 Qc4+
54. Kg5 Kh7 55. Bf6 Rb5+ 56. Be5 Qc1+ 57. Kh4 Rb4+ 58. Bd4 Rf1 0-1

[Event "Olimpiade 2016 - Donne"]
[Site "Baku"]
[Date "12.09.2016"]
[Round "10.34"]
[Board "3"]
[White "Jorge, Rita Maria Osorio"]
[Black "Avalos, Leticia"]
[Result "1/2-1/2"]
[WhiteTitle "WCM"]
[BlackTitle "WCM"]
[WhiteElo "1791"]
[BlackElo "1729"]
[WhiteTeam "Portugal"]
[BlackTeam "Paraguay"]
[WhiteFideId "1923161"]
[BlackFideId "3702073"]
[EventDate "2016.09.02"]

1. e4 e6 2. d4 d5 3. Nd2 Nf6 4. e5 Nfd7 5. Bd3 c5 6. c3 Nc6 7. Ne2 cxd4 8. cxd4
f6 9. exf6 Nxf6 10. Nf3 Bd6 11. O-O Qc7 12. Bg5 O-O 13. Bh4 Bd7 14. Bg3 Be8 15.
Ng5 Qe7 16. Bxd6 Qxd6 17. f4 h6 18. Nf3 Bh5 19. Qd2 Ne4 20. Qe3 Nf6 21. Ne5 Nb4
22. Bb1 Bxe2 23. Qxe2 Rac8 24. Bg6 Qb6 25. Qd2 Rc7 26. a3 Nc6 27. Rad1 Na5 28.
Rf3 Nc4 29. Nxc4 Rxc4 30. b3 Rc7 31. Rc3 Rfc8 32. Rdc1 Rc6 33. Qe3 Ng4 34. Qd3
Nf6 35. Rxc6 Rxc6 36. Re1 Qc7 37. Qe3 Ng4 38. Qg3 Rc1 39. Rf1 Rxf1+ 40. Kxf1
Qc1+ 41. Ke2 Qb2+ 42. Kf1 Qc1+ 43. Ke2 Qb2+ 44. Ke1 Qc1+ 45. Ke2 1/2-1/2

[Event "Olimpiade 2016 - Donne"]
[Site "Baku"]
[Date "12.09.2016"]
[Round "10.34"]
[Board "4"]
[White "Rojas, Montserrat"]
[Black "Silva, Ana Ines Teixeira Da"]
[Result "1/2-1/2"]
[WhiteElo "1561"]
[BlackElo "1855"]
[WhiteTeam "Paraguay"]
[BlackTeam "Portugal"]
[WhiteFideId "3701670"]
[BlackFideId "1932543"]
[EventDate "2016.09.02"]

1. d4 Nf6 2. e3 g6 3. Bd3 Bg7 4. b3 c5 5. Bb2 cxd4 6. exd4 d5 7. Nf3 O-O 8. O-O
Nc6 9. a3 Bg4 10. Nbd2 Qd7 11. h3 Bf5 12. Ne5 Nxe5 13. dxe5 Bxd3 14. cxd3 Ne8
15. f4 Nc7 16. g4 Rac8 17. f5 Nb5 18. Nb1 d4 19. a4 Nc3 20. Qe1 Qc7 21. Na3 Bxe5
22. Nc4 Bg3 23. Qd2 a6 24. a5 Bh4 25. Rf3 Qc6 26. Raf1 Bf6 27. g5 Bh8 28. f6
exf6 29. gxf6 Rfe8 30. Bxc3 dxc3 31. Qxc3 Qc5+ 32. d4 Qg5+ 33. Rg3 Qd5 34. Qd3
Rcd8 35. Rg4 Re6 36. Rf5 Qc6 37. Rc5 Qe8 38. Rc7 Bxf6 39. Rxb7 Rd7 40. Rxd7 Qxd7
41. d5 Re8 42. Nb6 Qb7 43. Re4 Rxe4 44. Qxe4 Qc7 45. Kg2 Qe5 46. Qxe5 Bxe5 47.
Nd7 Bc7 48. b4 Bd6 49. Nc5 Bxc5 50. bxc5 Kf8 51. d6 g5 52. c6 Ke8 53. c7 Kd7 54.
Kg3 f5 55. Kf3 h5 56. Kg3 g4 57. h4 Kc8 58. Kf4 Kd7 1/2-1/2

[Event "Olimpiade 2016 - Donne"]
[Site "Baku"]
[Date "12.09.2016"]
[Round "10.35"]
[Board "1"]
[White "Monroy G., Nataly A."]
[Black "Frick, Denise"]
[Result "1-0"]
[WhiteTitle "WIM"]
[BlackTitle "WIM"]
[WhiteElo "2105"]
[BlackElo "1803"]
[WhiteTeam "Bolivia"]
[BlackTeam "South Africa"]
[WhiteFideId "3304019"]
[BlackFideId "14300818"]
[EventDate "2016.09.02"]

1. d4 d5 2. Nf3 Nf6 3. c4 c6 4. Nc3 Bf5 5. cxd5 Nxd5 6. Qb3 Nxc3 7. bxc3 Qb6 8.
Nd2 e6 9. e4 Bg6 10. Bd3 Be7 11. Nc4 Qc7 12. Bf4 Qd7 13. Ne5 Qc8 14. h4 f6 15.
Nxg6 hxg6 16. Bc4 Kf7 17. d5 cxd5 18. exd5 Re8 19. O-O g5 20. dxe6+ Kf8 21. hxg5
fxg5 22. Bg3 Nc6 23. Qb5 Bf6 24. Rad1 a6 25. Qf5 b5 26. Qg6 1-0

[Event "Olimpiade 2016 - Donne"]
[Site "Baku"]
[Date "12.09.2016"]
[Round "10.35"]
[Board "2"]
[White "Laubscher, Anzel"]
[Black "Cordero, Daniela"]
[Result "1-0"]
[WhiteTitle "WIM"]
[BlackTitle "WIM"]
[WhiteElo "1814"]
[BlackElo "1954"]
[WhiteTeam "South Africa"]
[BlackTeam "Bolivia"]
[WhiteFideId "14300800"]
[BlackFideId "3301630"]
[EventDate "2016.09.02"]

1. d4 d5 2. c4 c6 3. Nf3 Nf6 4. e3 Bf5 5. Nc3 e6 6. Nh4 Bg6 7. Nxg6 hxg6 8. Bd3
Bd6 9. h3 Nbd7 10. Bd2 Qe7 11. Qc2 dxc4 12. Bxc4 Nb6 13. Bd3 e5 14. O-O-O exd4
15. exd4 O-O-O 16. Rhe1 Qc7 17. Kb1 Kb8 18. Qb3 Nbd5 19. Na4 Bf4 20. Nc5 Ka8 21.
Bxf4 Nxf4 22. Bf1 N6d5 23. Re4 Qb6 24. Qxb6 axb6 25. Na4 Ne6 26. Ree1 Rh4 27.
Bc4 Ka7 28. Nc3 Rf4 29. Bxd5 cxd5 30. f3 Rxd4 31. Nb5+ 1-0

[Event "Olimpiade 2016 - Donne"]
[Site "Baku"]
[Date "12.09.2016"]
[Round "10.35"]
[Board "3"]
[White "Estrada, Lucia"]
[Black "February, Jesse Nikki"]
[Result "0-1"]
[WhiteTitle "WIM"]
[BlackTitle "WIM"]
[WhiteElo "1941"]
[BlackElo "1922"]
[WhiteTeam "Bolivia"]
[BlackTeam "South Africa"]
[WhiteFideId "3301923"]
[BlackFideId "14312336"]
[EventDate "2016.09.02"]

1. d4 Nf6 2. Nf3 e6 3. e3 b6 4. Bd3 Bb7 5. Nbd2 c5 6. b3 Be7 7. Bb2 O-O 8. O-O
Qc7 9. c4 d5 10. Ne5 Nc6 11. Rc1 Rad8 12. f4 dxc4 13. Bxc4 cxd4 14. exd4 Nxd4
15. Bxd4 Rxd4 16. Qe2 Bc5 17. Kh1 Qd6 18. Nb1 Rd8 19. Nf3 Rxf4 20. Nc3 Qb8 21.
Ng5 Rh4 22. h3 Qg3 23. Bxe6 Qxg5 0-1

[Event "Olimpiade 2016 - Donne"]
[Site "Baku"]
[Date "12.09.2016"]
[Round "10.35"]
[Board "4"]
[White "Fisher, Michelle M"]
[Black "Molina, Jessica"]
[Result "1/2-1/2"]
[WhiteTitle "WCM"]
[WhiteElo "1701"]
[BlackElo "1883"]
[WhiteTeam "South Africa"]
[BlackTeam "Bolivia"]
[WhiteFideId "14307553"]
[BlackFideId "3303888"]
[EventDate "2016.09.02"]

1. e4 c5 2. Nf3 Nc6 3. d4 cxd4 4. Nxd4 d6 5. c4 g6 6. Nc3 Bg7 7. Be3 Nf6 8. Be2
Bd7 9. O-O O-O 10. f3 b6 11. Qd2 Nxd4 12. Bxd4 Bc6 13. Rac1 e6 14. Be3 Qc7 15.
Rfd1 Rfd8 16. Bf4 Ne8 17. b4 Qe7 18. Qe3 Rac8 19. Rd2 Rc7 20. c5 bxc5 21. bxc5
Rcd7 22. cxd6 Nxd6 23. Qc5 Nb7 24. Qxe7 Rxe7 25. Rxd8+ Nxd8 26. Nb5 Rb7 27. Rd1
Rd7 28. Rxd7 Bxd7 29. Be3 a5 30. Nd6 Bc3 31. Bb6 Nc6 32. Nb5 Be5 33. g3 Bc8 34.
f4 Bf6 35. e5 Bd8 36. Bc5 Ba6 37. a4 Nb4 38. Kf2 g5 39. Nc3 Bxe2 40. Kxe2 gxf4
41. gxf4 Kg7 42. Kf3 Kg6 43. Ne4 1/2-1/2

[Event "Olimpiade 2016 - Donne"]
[Site "Baku"]
[Date "12.09.2016"]
[Round "10.36"]
[Board "1"]
[White "Sihite, Chelsie Monica Ignesias"]
[Black "Richards, Heather S"]
[Result "1-0"]
[WhiteTitle "WIM"]
[BlackTitle "WIM"]
[WhiteElo "2199"]
[BlackElo "2199"]
[WhiteTeam "Indonesia"]
[BlackTeam "Australia"]
[WhiteFideId "7101198"]
[BlackFideId "408697"]
[EventDate "2016.09.02"]

1. e4 e6 2. d4 d5 3. Nd2 Be7 4. Bd3 c5 5. dxc5 Nf6 6. Qe2 O-O 7. Ngf3 a5 8. O-O
Na6 9. e5 Nd7 10. c4 Nb4 11. Bb1 Nxc5 12. a3 Nc6 13. Rd1 a4 14. b4 axb3 15. cxd5
exd5 16. Nxb3 Nxb3 17. Qc2 g6 18. Qxb3 Qc7 19. Qe3 Rd8 20. h3 d4 21. Qh6 Nxe5
22. Ng5 Bxg5 23. Bxg5 Rd6 24. Re1 Qa5 25. Ba2 Bf5 26. f4 Nd7 27. Bxf7+ Kh8 28.
Re7 Nf8 29. Be8 1-0

[Event "Olimpiade 2016 - Donne"]
[Site "Baku"]
[Date "12.09.2016"]
[Round "10.36"]
[Board "3"]
[White "Putri, Regita Desyari"]
[Black "Guo, Emma"]
[Result "1-0"]
[BlackTitle "WIM"]
[WhiteElo "1623"]
[BlackElo "2035"]
[WhiteTeam "Indonesia"]
[BlackTeam "Australia"]
[WhiteFideId "7109083"]
[BlackFideId "3200795"]
[EventDate "2016.09.02"]

1. e4 d5 2. exd5 Nf6 3. d4 Bg4 4. Nf3 Qxd5 5. Be2 Nc6 6. O-O O-O-O 7. Be3 Qf5 8.
c3 e5 9. Nbd2 h5 10. Re1 Bxf3 11. Nxf3 Ng4 12. Bc4 Bd6 13. h3 Nxe3 14. Rxe3 g5
15. Qb1 Qf6 16. dxe5 Bxe5 17. Bb5 Bf4 18. Re1 g4 19. Bxc6 bxc6 20. Nd4 Rxd4 21.
cxd4 gxh3 22. Qd3 hxg2 23. Qh3+ Kd8 24. Rad1 h4 25. Rd3 Rg8 26. Rb3 Bh2+ 27.
Qxh2 Kd7 28. Qe5 Qxe5 29. dxe5 Ke6 30. Rf3 c5 31. Rf6+ Ke7 32. Rc6 Kd7 33. Rxc5
Ke6 34. Rc4 Rh8 35. Kxg2 Kf5 36. Kh3 1-0

[Event "Olimpiade 2016 - Donne"]
[Site "Baku"]
[Date "12.09.2016"]
[Round "10.37"]
[Board "1"]
[White "Abarca Gonzalez, Damaris"]
[Black "Hernandez, Bera"]
[Result "1-0"]
[WhiteTitle "WFM"]
[WhiteElo "2092"]
[BlackElo "1808"]
[WhiteTeam "Chile"]
[BlackTeam "El Salvador"]
[WhiteFideId "3409414"]
[BlackFideId "6700080"]
[EventDate "2016.09.02"]

1. e4 e5 2. Nf3 Nc6 3. Bc4 Bc5 4. O-O Nf6 5. d3 d6 6. c3 Bb6 7. Nbd2 Ne7 8. Bb3
c6 9. Re1 Be6 10. Nc4 Bc7 11. Ng5 Bg4 12. f3 Bh5 13. Be3 h6 14. Nh3 g5 15. Nf2
Qd7 16. h3 O-O-O 17. Bxa7 Bg6 18. Nb6+ Bxb6 19. Bxb6 Rdg8 20. Bc4 c5 21. a4 Ne8
22. d4 exd4 23. cxd4 Qc6 24. dxc5 Kb8 25. Bb5 Qc8 26. cxd6 Qe6 27. Bd4 Nxd6 28.
Bxh8 Rxh8 29. Qd4 Rg8 30. Red1 Ndc8 31. Ng4 h5 32. Nf6 g4 33. Nxg8 Nxg8 34. Bd7 1-0

[Event "Olimpiade 2016 - Donne"]
[Site "Baku"]
[Date "12.09.2016"]
[Round "10.37"]
[Board "2"]
[White "Zavala Galindo, Alejandra Beatri"]
[Black "Gomez Barrera, Javiera Belen"]
[Result "0-1"]
[BlackTitle "WFM"]
[WhiteElo "1766"]
[BlackElo "2027"]
[WhiteTeam "El Salvador"]
[BlackTeam "Chile"]
[WhiteFideId "6703089"]
[BlackFideId "3418723"]
[EventDate "2016.09.02"]

1. e4 e5 2. Nf3 Nc6 3. Bb5 a6 4. Bxc6 dxc6 5. Nc3 f6 6. d4 exd4 7. Nxd4 Bd6 8.
O-O Ne7 9. Be3 O-O 10. Qe2 Ng6 11. Rad1 Qe7 12. f4 Re8 13. a3 c5 14. Nf3 c6 15.
Qd2 Rd8 16. e5 Bc7 17. Qf2 Rxd1 18. Rxd1 fxe5 19. Bxc5 Qf7 20. Nxe5 Qxf4 21.
Qxf4 Nxf4 22. Nd7 Ne6 23. Bb6 Bf4 24. g3 Bg5 25. Ne4 Be7 26. Ne5 Nf8 27. Nd6 Be6
28. c4 Bf6 29. Re1 Bh3 30. c5 Ne6 31. b4 Nd4 32. Kf2 Rf8 33. Nf3 Nxf3 34. Kxf3
Bc3+ 0-1

[Event "Olimpiade 2016 - Donne"]
[Site "Baku"]
[Date "12.09.2016"]
[Round "10.37"]
[Board "3"]
[White "Jorquera Cabello, Valentina"]
[Black "Garcia Mendez, Alcira Guadalupe"]
[Result "1-0"]
[WhiteTitle "WIM"]
[BlackTitle "WCM"]
[WhiteElo "2019"]
[BlackElo "1815"]
[WhiteTeam "Chile"]
[BlackTeam "El Salvador"]
[WhiteFideId "3405494"]
[BlackFideId "6702945"]
[EventDate "2016.09.02"]

1. e4 e5 2. Nf3 Nc6 3. Bb5 a6 4. Ba4 Nf6 5. O-O Bc5 6. c3 b5 7. Bb3 Bb6 8. d3 d6
9. a4 Bb7 10. Bg5 h6 11. Bxf6 Qxf6 12. Bd5 O-O 13. axb5 axb5 14. Na3 Na5 15. b4
c6 16. bxa5 Bxa5 17. Bb3 Bxc3 18. Ra2 Bb4 19. Nc2 Rxa2 20. Bxa2 Bc3 21. Qb1 Ra8
22. Qb3 Ba5 23. Qb2 g5 24. Ne3 Bb6 25. h3 Bc8 26. Ng4 Bxg4 27. hxg4 Qf4 28. Qb3
Ra7 29. Qc2 Bc5 30. Bb3 Re7 31. d4 exd4 32. e5 d3 33. Qxd3 dxe5 34. Qg6+ Kf8 35.
Qxh6+ Ke8 36. Qxc6+ Kf8 37. Qxc5 Qf6 38. Ra1 e4 39. Ra8+ Kg7 40. Qc8 1-0

[Event "Olimpiade 2016 - Donne"]
[Site "Baku"]
[Date "12.09.2016"]
[Round "10.37"]
[Board "4"]
[White "Ortez, Andrea"]
[Black "Fuentes Inzunza, Lesly"]
[Result "1/2-1/2"]
[WhiteTitle "WCM"]
[WhiteElo "1756"]
[BlackElo "1840"]
[WhiteTeam "El Salvador"]
[BlackTeam "Chile"]
[WhiteFideId "6702392"]
[BlackFideId "3408205"]
[EventDate "2016.09.02"]

1. e4 c6 2. d4 d5 3. exd5 cxd5 4. c4 Nf6 5. Nc3 g6 6. Bg5 Ne4 7. Nxe4 dxe4 8. d5
Bg7 9. Qc2 O-O 10. Ne2 Bf5 11. Qb3 Na6 12. Qa3 Qb6 13. Be3 Qb4+ 14. Qxb4 Nxb4
15. Kd2 Nd3 16. Nd4 Nxb2 17. Rb1 Bxd4 18. Bxd4 e3+ 19. Kxe3 Bxb1 20. Bxb2 Bxa2
21. Bd3 b5 22. cxb5 Bxd5 23. f3 f6 24. Ba3 Kf7 25. Rd1 Rfd8 26. Bc5 e5 27. Ra1
Rd7 28. Ra6 Rc7 29. Bd6 Rc3 30. Kd2 Rcc8 31. Ke3 Bb7 32. Ra4 Ke6 33. Ba3 f5 34.
Be2 f4+ 35. Kd2 Rd8+ 36. Ke1 Rd4 37. Ra5 Rd7 38. Bc5 Bd5 39. Ra6+ Kf7 40. Ra5 h6
41. Ra4 h5 42. h4 Bb3 43. Ra3 Bd5 44. Ra4 Kg7 45. Kf2 Rf7 46. Bd3 1/2-1/2

[Event "Olimpiade 2016 - Donne"]
[Site "Baku"]
[Date "12.09.2016"]
[Round "10.38"]
[Board "1"]
[White "Stojkovska, Monika"]
[Black "Antonova, Nadezhda"]
[Result "1-0"]
[WhiteTitle "WFM"]
[BlackTitle "WFM"]
[WhiteElo "2033"]
[BlackElo "2015"]
[WhiteTeam "FYROM"]
[BlackTeam "Tajikistan"]
[WhiteFideId "15002594"]
[BlackFideId "14700182"]
[EventDate "2016.09.02"]

1. e4 d6 2. d4 Nf6 3. Nc3 c6 4. a4 Qa5 5. Bd3 e5 6. Nf3 Bg4 7. dxe5 dxe5 8. O-O
Be7 9. Bd2 Qc7 10. Qe2 O-O 11. Nd1 h6 12. Ne3 Be6 13. Nf5 Bxf5 14. exf5 Nbd7 15.
Bc3 Bd6 16. Nd2 e4 17. Nxe4 Bxh2+ 18. Kh1 Nxe4 19. Qxe4 Rfe8 20. Qg4 Be5 21.
Rae1 Bxc3 22. bxc3 Nf6 23. Qh4 Re7 24. Re3 Rae8 25. Rg3 Kh7 26. Rh3 Kg8 27. f4
Re3 28. g4 Nd5 29. g5 Rxh3+ 30. Qxh3 Nxf4 31. Qg4 hxg5 32. Qxg5 Nxd3 33. f6 Nf2+
34. Rxf2 Re1+ 35. Kg2 Kf8 36. Qxg7+ Ke8 37. Qg8+ Kd7 38. Qxf7+ Kc8 39. Qxc7+
Kxc7 40. f7 1-0

[Event "Olimpiade 2016 - Donne"]
[Site "Baku"]
[Date "12.09.2016"]
[Round "10.38"]
[Board "2"]
[White "Nasriddinzoda, Marvorii"]
[Black "Bejatovic, Bojana"]
[Result "0-1"]
[WhiteElo "2073"]
[BlackElo "2063"]
[WhiteTeam "Tajikistan"]
[BlackTeam "FYROM"]
[WhiteFideId "14700395"]
[BlackFideId "15000141"]
[EventDate "2016.09.02"]

1. e4 Nf6 2. d3 e5 3. g3 Nc6 4. Bg2 Bc5 5. Be3 Bxe3 6. fxe3 d5 7. exd5 Nxd5 8.
Qd2 Be6 9. e4 Nf6 10. Nf3 h6 11. Nc3 Qe7 12. O-O-O O-O-O 13. h3 Nd7 14. Qf2 Nb6
15. a3 Rhe8 16. g4 Nd4 17. Rd2 Qc5 18. g5 Rd6 19. h4 Qa5 20. Bh3 Nb5 21. Nxb5
Qxb5 22. c4 Qa5 23. Bxe6+ Rdxe6 24. Rc2 Nd7 25. Nd2 Nc5 26. Rc3 Qxc3+ 0-1

[Event "Olimpiade 2016 - Donne"]
[Site "Baku"]
[Date "12.09.2016"]
[Round "10.38"]
[Board "3"]
[White "Nikolovska, Dragana"]
[Black "Hotami, Mutriba"]
[Result "1/2-1/2"]
[WhiteElo "1886"]
[BlackElo "1735"]
[WhiteTeam "FYROM"]
[BlackTeam "Tajikistan"]
[WhiteFideId "15000133"]
[BlackFideId "14700204"]
[EventDate "2016.09.02"]

1. e4 d5 2. exd5 Qxd5 3. Nc3 Qa5 4. Bc4 Nf6 5. d4 Bg4 6. f3 Bf5 7. g4 Bd7 8. Bd2
Qb6 9. Qe2 Nc6 10. d5 Nd4 11. Qd3 O-O-O 12. O-O-O e5 13. Be3 Bc5 14. Kb1 Nb3 15.
Bxc5 Nxc5 16. Qe2 Rhe8 17. Nh3 e4 18. Nf2 exf3 19. Qxf3 Na4 20. Nxa4 Bxa4 21. g5
Nd7 22. Ng4 Qg6 23. b3 Nb6 24. Bd3 Qd6 25. Qxf7 Nxd5 26. Qxg7 Qb4 27. Bf5+ Kb8
28. Rd3 Bc6 29. Rg1 Re7 30. Qb2 Re1+ 31. Rxe1 Qxe1+ 32. Qc1 Qe7 33. h4 Rf8 34.
Nh6 Qe5 35. Qb2 Qe1+ 36. Qc1 Qe5 37. Qb2 Qe1+ 38. Qc1 Qe5 39. Qb2 Qe1+ 40. Qc1
Qe5 41. c4 Nb4 42. Rd2 Be4+ 43. Bxe4 Qxe4+ 44. Ka1 Qe5+ 45. Kb1 Qe4+ 46. Ka1
Qe5+ 47. Kb1 Qe4+ 1/2-1/2